00724nam a22001697a 450000500170000000800410001708200160005811000310007424500910010526000540019630000500025049000220030065000310032265000350035365000410038885601250042920240120122822.0240109b |||||||| |||| 00| 0 eng d a303.69bINT aInternational Crisis Group aDevelopment assistance and conflict in Sri Lanka : blessons from the Eastern Province a[Colombo]:b International Crisis Group, c[2009] a44 p. : maps (some color).bGlossary included a Asia reportv165 aEthnic conflict- Sri Lanka aEconomic assistance- Sri Lanka a Sri Lanka- Politics and government  uhttps://icg-prod.s3.amazonaws.com/development-assistance-and-conflict-in-sri-lanka-lessons-from-the-eastern-province.pdf